00520 2200193 4500001002100000005001500021008004100036020002200077035001900099041000700118082001100125090001700136100001600153245005700169250001000226260004400236300003600280650001000316INLIS00000000001399720241224114648241224||||||||| | ||| |||| || |  a978-979-769-342-8 0010-1224013997 aid0 a346.09 a346.09 BUR h0 aburhanuddin00ahukum suratberharga syariah negara dan pengaturannya aCet.1 aJakartabpt. Rajagrafindo persadac2011 axii, 170 hlm., 21 cm x 13, 5 cm 0aSurat